Management thoughts

Bibliographic Details
Main Author: Batra, Promod
Other Authors: Batra, Vijay
Format: Book
Published: Kuala Lumpur : Golden Books Centre , 2002
Subjects:

MARC

LEADER 00000cam a2200000 7i4500
001 0000003341
005 20050823.0
020 0 0 |a 9837200413 
090 0 0 |a 658   |b BAT 
100 1 0 |a Batra, Promod 
245 1 0 |a Management thoughts   |c Promod Batra, Vijay Batra 
260 0 0 |a Kuala Lumpur :   |b Golden Books Centre ,   |c 2002 
300 |a 315p. :   |b ill. ;   |c 22cm. 
650 0 0 |a Management 
700 1 1 |a Batra, Vijay 
999 |a 0000006345   |b Monograph   |c Open Shelf   |e Default branch